00333nam a2200121 a 45000010005000000030005000050050017000100080041000270400020000681000033000882450070001212600020001913197CDMR20130116135240.0130130s1974||||||||||||||||||||||||||||d aCDMRbcatcCDMR1 aUbierna Domínguez, Ignacio10aPrensa de humor barcelonesa, 1901-1925cIgnacio Ubierna Dominguez aBarcelonac1974